000 00548nam a22002057a 4500
999 _c14020
_d14020
005 20210325182251.0
008 s2000 eng d
020 _a0851120989
040 _aNALT
041 _aeng
090 _aAY 440
_bG84 2000
245 0 0 _aGuinness world records 2000.
260 3 _aBarcelona :
_bGuinness World Records,
_c2000.
300 _a288 p. :
_bill. ;
_c30 cm.
650 0 _aWorld records
_910089
650 0 _aCuriosities and wonders
_910088
850 _aNALT
942 _cREF
_2local